000 00617cam a2200229 a 4500
001 562947
005 20180227073521.0
008 890413s1990 nyu b 001 0 eng
010 _a 89006438
020 _a0415900425
020 _a0415900433 (pbk.)
040 _aDLC
_cDLC
_dDLC
041 _aeng
080 _a305.3 BUT
082 0 0 _a305.3 BUT
_220
100 1 _a50
101 _aSOC
245 1 0 _aGender trouble :
_cJudith Butler.
504 _aIncludes bibliographical references.
906 _a7
_bcbc
_corignew
_d1
_eocip
_f19
_gy-gencatlg
942 _2ddc
_cBK
999 _c43609
_d43609